000 00442nam a2200181 a 4500
001 1775555652901
003 YourLibrary
005 20260407152610.0
008 260407s2006##################000#0#eng##
020 _a9780415398299
082 0 4 _a355
_bIIS
245 1 0 _aThe Arms Trade and Defence Economics :
260 _c2006.
300 _a216 pages
650 0 _aHistory.
942 _cENGLISH
040 _aYourLibrary
_beng
_cYourLibrary
999 _c618742
_d618742